000 00572nam a2200205 a 4500
005 20250605063849.0
008 100203s2007 mx r 000 0 spa d
020 _a9707780959
035 _aUPN01000174432
049 _aCG
050 4 _aB821
_bC6.6
100 1 _aCortella, Mario Sergio
245 1 1 _a¡No nacemos completos! :
_bprovocaciones filosóficas /
_cMario Sergio Cortella.
260 _aMéxico :
_bNueva Palabra,
_c2007.
300 _a111 p.
650 4 _aFilosofía moderna
_98266
650 4 _aHumanismo
_914067
905 _aLibro
999 _c146536
_d146536